College Quizbowl Stats
College Quizbowl Stats
Circuits
Seasons
Sets
Records
Detailed Stats
About
Loading...
2024 ACF Fall at North Carolina
Tossups
Bonuses
Players
Teams
Categories (Tossup)
Categories (Bonus)
Ansh Muthiyan
North Carolina B
Categories
Category
Powers
Gets
Negs
BBs
Points
Earliest Buzz
Avg. Buzz
First Buzzes
Top 3 Buzzes
Science - Physics
0
3
0
0
30
74
94.67
0
0
Geography
0
1
0
0
10
71
71.00
0
1
Religion
0
1
0
0
10
97
97.00
0
0
Science - Biology
0
1
0
0
10
66
66.00
0
1
Science - Chemistry
0
1
0
0
10
50
50.00
0
1
Buzzes
Category
Answer
Value
Buzz Position
Science - Chemistry
catalysts
10
50
Science - Biology
powered flight
10
66
Geography
Miami
10
71
Science - Physics
Erwin Schrödinger
10
74
Religion
Holi
10
97
Science - Physics
one
10
98
Science - Physics
index of refraction
10
112
Previous
1
Next